| 000 | 00811nam a2200253Ia 4500 | ||
|---|---|---|---|
| 003 | OSt | ||
| 005 | 20221005085729.0 | ||
| 006 | a|||||r|||| 00| 0 | ||
| 007 | ta | ||
| 008 | 221004b |||||||| |||| 00| 0 eng d | ||
| 020 |
_a1852854774 _c2156.25 |
||
| 024 | _a86249 | ||
| 037 |
_b1719, 05/09/2007, The Book Seller _cTextual |
||
| 040 |
_aCRL _cCRL _beng |
||
| 041 |
_2eng _aeng |
||
| 082 | _aV3:1958,(zM).N20<--N18, P6 | ||
| 100 |
_aKinvig Clifford _9614559 |
||
| 245 | 0 |
_aChurchill's crusade _b The British invasion of Russia, 1918-1920 |
|
| 260 |
_aNew York _bHambledon Continuum U. S. A. _c2006 |
||
| 300 |
_a373p. _ccm. |
||
| 650 | _aHISTORY | ||
| 942 |
_hV3:1958,(zM).N20<--N18, P6 _cTEXL _2cc |
||
| 999 |
_c994707 _d994707 |
||